=LDR 00000nam 2200000 4500 =001 INLIS000000000809848 =008 ###################################ind## =035 ##$$a 0010-0825000341 =245 ##$$a Sejarah Perkembangan Telekomunikasi / $c Valentina Rian =260 ##$$b Nobel =020 ##$$a 9786028691284 =084 ##$$a 384 IAN s =520 ##$$a Komunikasi Telekomunikasi =082 ##$$a 384